书目信息 |
| 题名: |
断裂与损伤力学
|
|
| 作者: | 张行 主编 | |
| 分册: | ||
| 出版信息: | 北京 北京航空航天大学出版社 2006.04 |
|
| 页数: | 656页 | |
| 开本: | 21cm | |
| 丛书名: | ||
| 单 册: | ||
| 中图分类: | O346 | |
| 科图分类: | ||
| 主题词: | 断裂力学--duan lie li xue , 损伤力学--sun shang li xue | |
| 电子资源: | ||
| ISBN: | 7-81077-631-2 | |
| 000 | 01041nam0 2200253 450 | |
| 001 | 012006458661 | |
| 005 | 20060919101332.25 | |
| 010 | @a7-81077-631-2@dCNY52.00 | |
| 100 | @a20060617d2006 km y0chiy0120 ea | |
| 101 | 0 | @achi |
| 102 | @aCN@b110000 | |
| 105 | @aa a 000yy | |
| 200 | 1 | @a断裂与损伤力学@Aduan lie yu sun shang li xue@f张行主编@Fzhang xing zhu bian |
| 210 | @a北京@c北京航空航天大学出版社@d2006.04 | |
| 215 | @a656页@c图@d21cm | |
| 320 | @a有书目。 | |
| 330 | @a本书是反映作者科研成果的专著,其内容包括:二维驻止裂纹断裂力学解析变分解法;三维驻止裂纹断裂力学能量差率闭合解法;扩展裂纹断裂力学问题的损伤力学分析;材料抗断裂性能中尺寸效应的理论分析;复合材料层合结构分层问题的断裂力学分析。此外,书中还扼要介绍了断裂力学与损伤学的基本原理。 | |
| 333 | @a飞行器及地面设备结构损伤容限与耐久性设计工程技术人员、科研人 | |
| 606 | 0 | @a断裂力学@Aduan lie li xue |
| 606 | 0 | @a损伤力学@Asun shang li xue |
| 690 | @aO346@v4 | |
| 701 | 0 | @a张行@Azhang xing@4主编 |
| 801 | 0 | @aCN@bQSSK@c20060919 |
| 905 | @a10447@dO346@eZ212 | |
| 断裂与损伤力学/张行主编.-北京:北京航空航天大学出版社,2006.04 |
| 656页:图;21cm |
| 使用对象:飞行器及地面设备结构损伤容限与耐久性设计工程技术人员、科研人 |
| ISBN 7-81077-631-2:CNY52.00 |
| 本书是反映作者科研成果的专著,其内容包括:二维驻止裂纹断裂力学解析变分解法;三维驻止裂纹断裂力学能量差率闭合解法;扩展裂纹断裂力学问题的损伤力学分析;材料抗断裂性能中尺寸效应的理论分析;复合材料层合结构分层问题的断裂力学分析。此外,书中还扼要介绍了断裂力学与损伤学的基本原理。 |
| ● |
| 相关链接 |
|
|
|
正题名:断裂与损伤力学
索取号:O346/Z212
 
预约/预借
| 序号 | 登录号 | 条形码 | 馆藏地/架位号 | 状态 | 备注 |
| 1 | 588559 | 205885595 | 自科库401/401自科库 53排2列3层/ [索取号:O346/Z212] | 在馆 | |
| 2 | 588560 | 205885602 | 自科库401/401自科库 53排2列3层/ [索取号:O346/Z212] | 在馆 |